000 00620nam a2200217Ii 4500
001 23298
003 CO-ViMGA
008 241108s9999||||xx |||||||||||||| ||und||
020 _a9789585586369 (volumen)
040 _aCO-ViMGA
_bspa
_erda
_cCO-ViMGA
041 0 _aspa
082 0 4 _a301 C67d
100 1 _aCorrea, Juan David
245 1 0 _aDignidad
264 1 _aBogotá, Colombia : Comisión de la Verdad, Rey Naranjo, 2020
300 _avolumen
336 _atext
_btxt
_2rdacontent
337 _aunmediated
_bn
_2rdamedia
338 _avolume
_bnc
_2rdacarrier
940 _aidficha_siabuc: 22425. -- ficha_no_siabuc:23298
999 _c40372
_d40372